[Event "Parana-ch"]
[Site "Curitiba"]
[Date "2013.01.27"]
[Round "9"]
[White "Santos, Rogerio de Souza"]
[Black "Ferreira, Euclides Roberto"]
[Result "0-1"]
[WhiteElo "1815"]
[BlackElo "2079"]
[PlyCount "96"]
[EventDate "2013.01.22"]
[EventType "swiss"]
[EventRounds "9"]
[EventCountry "BRA"]
[SourceTitle "CBM 152 Extra"]
[Source "ChessBase"]
[SourceDate "2013.02.25"]
[SourceVersion "1"]
[SourceVersionDate "2013.02.25"]
[SourceQuality "1"]

1. e4 c5 2. Nf3 d6 3. d4 cxd4 4. Nxd4 Nf6 5. Nc3 g6 6. Be3 Bg7 7. f3 0-0 8. Bc4 Nc6 9. Qd2 Bd7 10. 0-0-0 Ne5 11. Bb3 Qa5 12. h4 Rfc8 13. Nde2 h5 14. Kb1 b5 15. Nd5 Qxd2 16. Rxd2 Nxd5 17. Bxd5 Bc6 18. Bxc6 Rxc6 19. Nd4 Rcc8 20. Bf2 a5 21. Rhd1 a4 22. f4 Nc4 23. Re2 b4 24. Rd3 e5 25. Nb5 exf4 26. Nxd6 Nxb2 27. Rd5 Rd8 28. Bd4 Bxd4 29. Rxd4 Nc4 30. Rxc4 Rxd6 31. Rxb4 Rd1+ 32. Kb2 a3+ 33. Kb3 Rb1+ 34. Kc3 Rh1 35. e5 Rxh4 36. e6 fxe6 37. Rxe6 Kf7 38. Rbb6 Rg4 39. Kb3 Rxg2 40. Rf6+ Kg7 41. Rxf4 Rg3+ 42. c3 Rg2 43. Rff6 h4 44. Rfd6 Rb2+ 45. Kc4 Rxb6 46. Rxb6 h3 47. Rd6 h2 48. Rd1 Rb8 0-1

[Event "Parana-ch"]
[Site "Curitiba"]
[Date "2013.01.24"]
[Round "5"]
[White "Sakada, Marcos Vinicius"]
[Black "Ferreira, Euclides Roberto"]
[Result "1-0"]
[WhiteElo "1701"]
[BlackElo "2079"]
[PlyCount "127"]
[EventDate "2013.01.22"]
[EventType "swiss"]
[EventRounds "9"]
[EventCountry "BRA"]
[SourceTitle "CBM 152 Extra"]
[Source "ChessBase"]
[SourceDate "2013.02.25"]
[SourceVersion "1"]
[SourceVersionDate "2013.02.25"]
[SourceQuality "1"]

1. e4 e5 2. Nf3 d5 3. d4 dxe4 4. Nxe5 Bd6 5. Qe2 Bxe5 6. dxe5 Qd4 7. Nc3 Qxe5 8. Qxe4 Qxe4+ 9. Nxe4 Bf5 10. Bd3 Ne7 11. Bf4 Nd5 12. Bxc7 Bxe4 13. Bxe4 Nxc7 14. Bxb7 0-0 15. Bxa8 Re8+ 16. Kd2 Nxa8 17. Rae1 Kf8 18. Rxe8+ Kxe8 19. Re1+ Kd7 20. c4 Nc6 21. Kc3 a5 22. a3 Nc7 23. b4 Ne6 24. b5 Ncd8 25. Re5 Nb7 26. f4 f6 27. Rd5+ Kc7 28. g3 Nec5 29. Kd4 Kb6 30. f5 Nb3+ 31. Kc3 N3c5 32. Rd4 g5 33. fxg6 hxg6 34. h4 f5 35. g4 Ne6 36. Rd1 Nbc5 37. gxf5 gxf5 38. h5 Ne4+ 39. Kb3 f4 40. h6 N6g5 41. Kc2 f3 42. Rf1 Ng3 43. Rxf3 N3e4 44. Rf4 Nd6 45. Rf6 Kc5 46. Rg6 Ngf7 47. h7 Nxc4 48. Rg7 Nh8 49. Rg8 Nf7 50. Rf8 Ncd6 51. a4 Kd5 52. Kb3 Kc5 53. h8Q Nxh8 54. Rxh8 Ne4 55. Ra8 Nd6 56. Rxa5 Ne4 57. Ra8 Nd6 58. Rh8 Nb7 59. Rh5+ Kb6 60. Kb4 Nd8 61. Rh6+ Ka7 62. a5 Kb7 63. Rh7+ Kc8 64. Rh8 1-0

[Event "Parana-ch"]
[Site "Curitiba"]
[Date "2013.01.22"]
[Round "1"]
[White "Ferreira, Daisy Camargo"]
[Black "Ferreira, Euclides Roberto"]
[Result "0-1"]
[WhiteElo "1800"]
[BlackElo "2079"]
[PlyCount "44"]
[EventDate "2013.01.22"]
[EventType "swiss"]
[EventRounds "9"]
[EventCountry "BRA"]
[SourceTitle "CBM 152 Extra"]
[Source "ChessBase"]
[SourceDate "2013.02.25"]
[SourceVersion "1"]
[SourceVersionDate "2013.02.25"]
[SourceQuality "1"]

1. c4 Nf6 2. Nc3 c5 3. g3 d5 4. cxd5 Nxd5 5. Bg2 Nc7 6. Nf3 Nc6 7. 0-0 e5 8. d3 Be7 9. Rb1 Be6 10. a3 f6 11. Qc2 Rc8 12. Rd1 0-0 13. Bd2 Nd4 14. Nxd4 cxd4 15. Ne4 Nd5 16. Qa4 f5 17. Qxa7 fxe4 18. Ba5 Qd7 19. dxe4 Bc5 20. Bb6 Bxb6 21. exd5 Bxa7 22. dxe6 Qxe6 0-1

[Event "Curitiba CC 75 years"]
[Site "Curitiba"]
[Date "2013.01.18"]
[Round "1"]
[White "Ferreira, Euclides Roberto"]
[Black "Yanaguihara, Vitor Kioshi"]
[Result "1-0"]
[WhiteElo "2079"]
[BlackElo "1649"]
[PlyCount "46"]
[EventDate "2013.01.18"]
[EventType "swiss"]
[EventRounds "6"]
[EventCountry "BRA"]
[SourceTitle "EXT 2014"]
[Source "ChessBase"]
[SourceDate "2013.11.20"]
[SourceVersion "1"]
[SourceVersionDate "2013.11.20"]
[SourceQuality "1"]

1. e4 c5 2. d4 cxd4 3. Nf3 d6 4. Nxd4 Nf6 5. Nc3 g6 6. Be3 Bg7 7. f3 Nc6 8. Qd2 0-0 9. 0-0-0 d5 10. Kb1 e5 11. Nxc6 bxc6 12. exd5 cxd5 13. Nxd5 Nxd5 14. Qxd5 Qc7 15. Qxa8 Bf5 16. Qd5 Qxc2+ 17. Ka1 e4 18. Qb3 Bxb2+ 19. Qxb2 Qxd1+ 20. Qc1 Qa4 21. Be2 exf3 22. gxf3 Rc8 23. Qb2 Rc2 1-0

[Event "Araucaria-ch"]
[Site "Araucaria"]
[Date "2011.12.10"]
[Round "3.2"]
[White "Dias, Anderson Tatsch"]
[Black "Ferreira, Euclides Roberto"]
[Result "1-0"]
[WhiteElo "2202"]
[BlackElo "2096"]
[PlyCount "69"]
[EventDate "2011.12.09"]
[EventType "swiss"]
[EventRounds "6"]
[EventCountry "BRA"]
[SourceTitle "EXT 2022"]
[Source "ChessBase"]
[SourceDate "2021.10.06"]
[SourceVersion "1"]
[SourceVersionDate "2021.10.06"]
[SourceQuality "1"]

1. d4 Nf6 2. c4 e5 3. dxe5 Ng4 4. Bf4 Nc6 5. Nf3 Bb4+ 6. Nbd2 Qe7 7. e3 0-0 8. Be2 Ncxe5 9. Nxe5 Nxe5 10. 0-0 d6 11. Nb3 g5 12. Bg3 f5 13. a3 f4 14. exf4 gxf4 15. axb4 fxg3 16. hxg3 Qg5 17. Qd4 Bg4 18. Bxg4 Nxg4 19. Ra5 Qg6 20. Nd2 b6 21. Ra3 Rf5 22. Nf3 c5 23. bxc5 bxc5 24. Qd2 Raf8 25. Nh4 Qh5 26. f3 R5f7 27. Qxd6 Ne5 28. Qd5 Kh8 29. Re1 Re7 30. f4 Qg4 31. Rxe5 Rg7 32. Qxc5 Rd8 33. Rd5 Re8 34. Qd4 Kg8 35. Qxg7+ 1-0

[Event "Parana-chT 54th"]
[Site "Parana"]
[Date "2011.11.19"]
[Round "6"]
[White "Ferreira, Euclides Roberto"]
[Black "Da Costa, Samir Hejazi"]
[Result "1-0"]
[WhiteElo "2096"]
[BlackElo "1882"]
[PlyCount "111"]
[EventDate "2011.11.14"]
[EventType "team-swiss"]
[EventRounds "7"]
[EventCountry "BRA"]
[SourceTitle "EXT 2013"]
[Source "ChessBase"]
[SourceDate "2012.11.22"]
[SourceVersion "1"]
[SourceVersionDate "2012.11.22"]
[SourceQuality "1"]
[WhiteTeam "Araucaria"]
[BlackTeam "Sao Jose dos Pinhais"]
[WhiteTeamCountry "BRA"]
[BlackTeamCountry "BRA"]

1. e4 e6 2. d4 d5 3. Nd2 c5 4. exd5 exd5 5. Ngf3 a6 6. Be2 Nf6 7. 0-0 Bd6 8. dxc5 Bxc5 9. Nb3 Ba7 10. Bg5 0-0 11. Qd3 Nbd7 12. Rad1 Qc7 13. Nfd4 b5 14. Qg3 Qxg3 15. hxg3 Ne4 16. Bf4 Bb7 17. Nf5 Rfe8 18. Bf3 Ndf6 19. Be3 Bb8 20. Nc5 Bc6 21. Nd4 Nxc5 22. Nxc6 Nce4 23. Nxb8 Raxb8 24. Rd3 Rbc8 25. c3 Re7 26. Rfd1 Rce8 27. Bd4 g6 28. Kf1 h5 29. Bxe4 Nxe4 30. Bb6 Re6 31. Bc7 R8e7 32. Bd8 Re8 33. Rxd5 Kg7 34. Bc7 Nf6 35. Rd6 Re2 36. R6d2 R2e6 37. f3 g5 38. Rd8 Kg6 39. Rxe8 Rxe8 40. Rd6 Re6 41. Rxe6 fxe6 42. Ke2 Nd7 43. Ke3 Kf5 44. Kd4 Kf6 45. Bd8+ Kf5 46. Bc7 Kf6 47. a4 Ke7 48. axb5 axb5 49. c4 bxc4 50. Kxc4 Kf6 51. b4 Kf5 52. b5 e5 53. Kd5 Nf6+ 54. Kc6 e4 55. b6 e3 56. b7 1-0

[Event "Parana-chT 54th"]
[Site "Parana"]
[Date "2011.11.18"]
[Round "5"]
[White "Utiyama, Marcel Heimar Ribei"]
[Black "Ferreira, Euclides Roberto"]
[Result "1/2-1/2"]
[WhiteElo "2120"]
[BlackElo "2096"]
[PlyCount "139"]
[EventDate "2011.11.14"]
[EventType "team-swiss"]
[EventRounds "7"]
[EventCountry "BRA"]
[SourceTitle "EXT 2013"]
[Source "ChessBase"]
[SourceDate "2012.11.22"]
[SourceVersion "1"]
[SourceVersionDate "2012.11.22"]
[SourceQuality "1"]
[WhiteTeam "Campo Mourao"]
[BlackTeam "Araucaria"]
[WhiteTeamCountry "BRA"]
[BlackTeamCountry "BRA"]

1. e4 c5 2. Nf3 d6 3. d4 cxd4 4. Nxd4 Nf6 5. Nc3 g6 6. Be3 Bg7 7. f3 0-0 8. Qd2 Nc6 9. 0-0-0 d5 10. Kb1 Nxd4 11. e5 Nf5 12. exf6 Bxf6 13. Nxd5 Qxd5 14. Qxd5 Nxe3 15. Qd2 Nxd1 16. Qxd1 Bf5 17. Bb5 Rac8 18. Ba4 Rc4 19. Bb3 Rd4 20. Qe1 Rfd8 21. a3 h5 22. g3 Rd2 23. Qe3 b6 24. Kc1 Rg2 25. Qe1 a5 26. Rg1 Rxh2 27. g4 hxg4 28. fxg4 Bxc2 29. Bxc2 Rc8 30. Qe4 Rcxc2+ 31. Qxc2 Rxc2+ 32. Kxc2 Bd4 33. Rg2 Kg7 34. Kd3 e5 35. g5 Kf8 36. Ke4 Ke7 37. Kd5 f5 38. gxf6+ Kxf6 39. Ke4 g5 40. b4 axb4 41. axb4 Bc3 42. b5 Bd4 43. Rc2 g4 44. Rc8 Kg5 45. Rg8+ Kf6 46. Rxg4 Bb2 47. Rg2 Bd4 48. Rc2 Ke6 49. Rc6+ Kd7 50. Kd5 Kd8 51. Ke6 Bb2 52. Rxb6 Kc7 53. Rc6+ Kb7 54. Kd5 Bd4 55. Re6 Kc7 56. Kc4 Kb7 57. Kb4 Ka7 58. Re7+ Kb6 59. Rh7 Bc5+ 60. Ka4 Bd4 61. Re7 Bb2 62. Re6+ Kb7 63. Rh6 Bd4 64. Rh3 Kb6 65. Rf3 Kb7 66. Rg3 Kb6 67. Rg7 Bb2 68. Re7 Bd4 69. Re6+ Kb7 70. Rh6 1/2-1/2

[Event "Parana-chT 54th"]
[Site "Parana"]
[Date "2011.11.15"]
[Round "2"]
[White "Chemin, Vitorio"]
[Black "Ferreira, Euclides Roberto"]
[Result "0-1"]
[WhiteElo "2191"]
[BlackElo "2096"]
[PlyCount "58"]
[EventDate "2011.11.14"]
[EventType "team-swiss"]
[EventRounds "7"]
[EventCountry "BRA"]
[SourceTitle "EXT 2013"]
[Source "ChessBase"]
[SourceDate "2012.11.22"]
[SourceVersion "1"]
[SourceVersionDate "2012.11.22"]
[SourceQuality "1"]
[WhiteTeam "Ponta Grossa"]
[BlackTeam "Araucaria"]
[WhiteTeamCountry "BRA"]
[BlackTeamCountry "BRA"]

1. c4 c5 2. e3 Nf6 3. d4 d5 4. cxd5 cxd4 5. Qa4+ Bd7 6. Qxd4 Qa5+ 7. Nc3 Na6 8. Bxa6 Qxa6 9. Nge2 g6 10. 0-0 Bg7 11. Qh4 Rc8 12. e4 b5 13. e5 Rc4 14. f4 b4 15. exf6 Bxf6 16. Qh6 bxc3 17. Nxc3 Bd4+ 18. Kh1 Rxc3 19. Bd2 Rc2 20. f5 Qe2 21. Rad1 Bxf5 22. Qf4 Qe5 23. d6 Qxf4 24. Bxf4 e5 25. Rfe1 0-0 26. Bxe5 Bxe5 27. Rxe5 Rd8 28. h3 Rxb2 29. a4 Rb1 0-1

[Event "Parana-chT 54th"]
[Site "Parana"]
[Date "2011.11.14"]
[Round "1"]
[White "Ferreira, Euclides Roberto"]
[Black "Brene, Duyllhon Carneiro"]
[Result "1-0"]
[WhiteElo "2096"]
[BlackElo "1919"]
[PlyCount "69"]
[EventDate "2011.11.14"]
[EventType "team-swiss"]
[EventRounds "7"]
[EventCountry "BRA"]
[SourceTitle "EXT 2013"]
[Source "ChessBase"]
[SourceDate "2012.11.22"]
[SourceVersion "1"]
[SourceVersionDate "2012.11.22"]
[SourceQuality "1"]
[WhiteTeam "Araucaria"]
[BlackTeam "Pirao do Sul"]
[WhiteTeamCountry "BRA"]
[BlackTeamCountry "BRA"]

1. e4 d5 2. exd5 Qxd5 3. Nc3 Qd8 4. d4 Nf6 5. Bc4 c6 6. Nf3 Bg4 7. Bxf7+ Kxf7 8. Ne5+ Ke8 9. Nxg4 Nbd7 10. 0-0 Nxg4 11. Qxg4 Nf6 12. Qh4 a5 13. Re1 a4 14. Bg5 Kf7 15. Re5 h6 16. Rae1 a3 17. b3 Kg8 18. Bd2 g5 19. Qh3 Qxd4 20. Qe6+ Kg7 21. Bxg5 Rd8 22. Bxf6+ exf6 23. R5e4 Qd7 24. Rg4+ Kh7 25. Qxf6 Qxg4 26. Qxd8 Rg8 27. Qd3+ Kh8 28. g3 Bg7 29. Re7 Qb4 30. Re3 Rf8 31. Ne4 Qe7 32. Qd6 Qf7 33. f4 Re8 34. Qd3 Qd5 35. Nf6 1-0

[Event "Maringa op"]
[Site "Maringa"]
[Date "2011.07.02"]
[Round "4"]
[White "Brene, Duyllhon Carneiro"]
[Black "Ferreira, Euclides Roberto"]
[Result "0-1"]
[WhiteElo "1916"]
[BlackElo "2091"]
[PlyCount "80"]
[EventDate "2011.06.30"]
[EventType "swiss"]
[EventRounds "7"]
[EventCountry "BRA"]
[SourceTitle "EXT 2014"]
[Source "ChessBase"]
[SourceDate "2013.11.20"]
[SourceVersion "1"]
[SourceVersionDate "2013.11.20"]
[SourceQuality "1"]

1. e4 c5 2. Nf3 d6 3. d4 cxd4 4. Nxd4 Nf6 5. Nc3 g6 6. Be3 Bg7 7. f3 0-0 8. Bc4 Nc6 9. Qd2 Bd7 10. 0-0-0 Rb8 11. g4 b5 12. Bb3 b4 13. Nd5 a5 14. h4 a4 15. Nxc6 Bxc6 16. Nxf6+ Bxf6 17. Bd5 b3 18. axb3 Bxd5 19. Qxd5 axb3 20. c3 Qc8 21. Bd4 Bxd4 22. Qxd4 Qa6 23. Kd2 Qa2 24. Rb1 e5 25. Qd5 Qa7 26. Ke2 Qa6+ 27. Kf2 Rb5 28. Qd2 d5 29. exd5 Rd8 30. c4 Rc5 31. Ra1 Qxc4 32. Qg5 Rcxd5 33. Kg3 e4 34. Qf4 Rd3 35. Rhf1 Qd5 36. Ra4 exf3 37. Rxf3 Rxf3+ 38. Qxf3 Qe5+ 39. Rf4 Rd4 40. h5 Rxf4 0-1

[Event "Maringa op"]
[Site "Maringa"]
[Date "2011.07.02"]
[Round "5"]
[White "Ferreira, Euclides Roberto"]
[Black "Osipi, Jair"]
[Result "1/2-1/2"]
[WhiteElo "2091"]
[BlackElo "2210"]
[PlyCount "49"]
[EventDate "2011.06.30"]
[EventType "swiss"]
[EventRounds "7"]
[EventCountry "BRA"]
[SourceTitle "EXT 2014"]
[Source "ChessBase"]
[SourceDate "2013.11.20"]
[SourceVersion "1"]
[SourceVersionDate "2013.11.20"]
[SourceQuality "1"]

1. e4 c5 2. Nf3 d6 3. d4 cxd4 4. Nxd4 Nf6 5. Nc3 a6 6. Be3 Qc7 7. Qd2 e6 8. f3 Nbd7 9. 0-0-0 Ne5 10. f4 Nc6 11. Be2 h5 12. Rhe1 Bd7 13. Nb3 Be7 14. Bf3 Rc8 15. Kb1 b5 16. Qe2 Nb4 17. Rd2 Kf8 18. h3 h4 19. Qf2 Nc6 20. e5 dxe5 21. Bb6 Qb8 22. fxe5 Nxe5 23. Ba7 Qc7 24. Bb6 Qb8 25. Ba7 1/2-1/2

[Event "Sao Paulo Braga op"]
[Site "Sao Paulo"]
[Date "2011.04.24"]
[Round "9"]
[White "Gazola, Vanessa Ramos"]
[Black "Ferreira, Euclides Roberto"]
[Result "1-0"]
[WhiteElo "2003"]
[BlackElo "2105"]
[PlyCount "85"]
[EventDate "2011.04.20"]
[EventType "swiss"]
[EventRounds "9"]
[EventCountry "BRA"]
[SourceTitle "EXT 2022"]
[Source "ChessBase"]
[SourceDate "2021.10.06"]
[SourceVersion "1"]
[SourceVersionDate "2021.10.06"]
[SourceQuality "1"]

1. d4 Nf6 2. c4 e5 3. dxe5 Ng4 4. Nf3 Bc5 5. e3 Nc6 6. Be2 Ncxe5 7. Nc3 0-0 8. 0-0 d6 9. Na4 Qe7 10. Nxc5 dxc5 11. Nxe5 Nxe5 12. Bd2 Rd8 13. Qc2 Bf5 14. Qc1 Qh4 15. f3 Bd3 16. Bxd3 Rxd3 17. e4 Nc6 18. Be3 b6 19. Rd1 Rad8 20. Rxd3 Rxd3 21. Bg5 Qh5 22. Bf4 Rd7 23. Qe1 Nd4 24. Rd1 Qg6 25. Kh1 Qe6 26. b3 h6 27. h3 a5 28. Qf2 a4 29. Qb2 Qf6 30. Qd2 Rd8 31. Bxc7 Rc8 32. Qf4 axb3 33. axb3 Qc6 34. Be5 Nxb3 35. Rd6 Qe8 36. Qg3 g6 37. Qf4 Qe7 38. Bf6 Qf8 39. Rxb6 Na5 40. e5 Rc6 41. Rb5 Ra6 42. e6 Ra8 43. e7 1-0

[Event "Sao Paulo Braga op"]
[Site "Sao Paulo"]
[Date "2011.04.22"]
[Round "4"]
[White "Ferreira, Euclides Roberto"]
[Black "Lisboa Torres, Eduardo"]
[Result "1-0"]
[WhiteElo "2105"]
[BlackElo "1838"]
[PlyCount "81"]
[EventDate "2011.04.20"]
[EventType "swiss"]
[EventRounds "9"]
[EventCountry "BRA"]
[SourceTitle "CBM 141 Extra"]
[Source "ChessBase"]
[SourceDate "2011.05.03"]
[SourceVersion "1"]
[SourceVersionDate "2011.05.03"]
[SourceQuality "1"]

1. e4 d6 2. d4 Nf6 3. Nc3 g6 4. f3 c6 5. Be3 Qa5 6. Qd2 Be6 7. g4 Bg7 8. Nge2 Bc4 9. Ng3 Bxf1 10. Rxf1 h6 11. 0-0-0 Nbd7 12. h3 Nb6 13. b3 Qa3+ 14. Kb1 a5 15. Qd3 a4 16. Nb5 cxb5 17. Qxb5+ Nfd7 18. Bc1 axb3 19. Bxa3 bxc2+ 20. Kxc2 Rxa3 21. Kb1 0-0 22. Rd3 Ra4 23. Rc1 Rfa8 24. Rc7 R8a5 25. Qb2 Nc4 26. Qxb7 Rxa2 27. Rxc4 Ra1+ 28. Kc2 R5a2+ 29. Kc3 Nc5 30. Rxc5 dxc5 31. Kc4 Rc1+ 32. Kd5 cxd4 33. Qb8+ Kh7 34. e5 Ra5+ 35. Kxd4 f6 36. exf6 Bxf6+ 37. Ke3 Re5+ 38. Ne4 Bg5+ 39. Kf2 Rc2+ 40. Kg3 Ra5 41. Qf8 1-0

[Event "Curitiba-ch IRT 3rd"]
[Site "Curitiba"]
[Date "2011.04.02"]
[Round "3"]
[White "Ferreira, Euclides Roberto"]
[Black "Choma, Ernani Francisco"]
[Result "0-1"]
[WhiteElo "2105"]
[BlackElo "2348"]
[PlyCount "72"]
[EventDate "2011.04.01"]
[EventType "swiss"]
[EventRounds "6"]
[EventCountry "BRA"]
[SourceTitle "EXT 2022"]
[Source "ChessBase"]
[SourceDate "2021.10.06"]
[SourceVersion "1"]
[SourceVersionDate "2021.10.06"]
[SourceQuality "1"]

1. e4 c5 2. Nf3 Nc6 3. d4 cxd4 4. Nxd4 Nf6 5. Nc3 e5 6. Ndb5 d6 7. Bg5 a6 8. Na3 b5 9. Bxf6 gxf6 10. Nd5 Bg7 11. c3 f5 12. exf5 Bxf5 13. Nc2 Be6 14. Nce3 Ne7 15. a4 Nxd5 16. Nxd5 0-0 17. g3 bxa4 18. Rxa4 Rb8 19. Nb4 a5 20. Nc6 Qb6 21. Nxb8 Rxb8 22. Qa1 Bb3 23. Rg4 Bd5 24. Rg1 Qxb2 25. Qxb2 Rxb2 26. Bg2 Be6 27. f3 Bxg4 28. fxg4 a4 29. Bd5 a3 30. Rf1 a2 31. Bxf7+ Kh8 32. Bxa2 Rxa2 33. Rf7 e4 34. c4 Bc3+ 35. Kf1 e3 36. Re7 Be5 0-1

[Event "Curitiba Jabur Memorial op"]
[Site "Curitiba"]
[Date "2010.12.??"]
[Round "3"]
[White "Ferreira, Euclides Roberto"]
[Black "Correa, Ariane Miranda"]
[Result "1/2-1/2"]
[WhiteElo "2068"]
[BlackElo "1774"]
[PlyCount "48"]
[EventDate "2010.12.??"]
[EventType "swiss"]
[EventRounds "6"]
[EventCountry "BRA"]
[SourceTitle "CBM 140 Extra"]
[Source "ChessBase"]
[SourceDate "2011.03.01"]
[SourceVersion "1"]
[SourceVersionDate "2011.03.01"]
[SourceQuality "1"]

1. e4 c5 2. d4 cxd4 3. Nf3 d6 4. Nxd4 Nf6 5. Nc3 g6 6. Be3 Bg7 7. f3 0-0 8. Qd2 Nc6 9. 0-0-0 d5 10. Kb1 e5 11. Nxc6 bxc6 12. exd5 cxd5 13. Nxd5 Nxd5 14. Qxd5 Qc7 15. Qxa8 Bf5 16. Qd5 Qxc2+ 17. Ka1 e4 18. Qb3 Qc7 19. Bc4 Rb8 20. Bxf7+ Kh8 21. Bg5 Rxb3 22. Bxb3 Bxb2+ 23. Kxb2 Qe5+ 24. Ka3 Qa5+ 1/2-1/2

[Event "Curitiba Jabur Memorial op"]
[Site "Curitiba"]
[Date "2010.12.??"]
[Round "5"]
[White "Ferreira, Euclides Roberto"]
[Black "Neubauer, Martin"]
[Result "0-1"]
[WhiteElo "2068"]
[BlackElo "2428"]
[PlyCount "90"]
[EventDate "2010.12.??"]
[EventType "swiss"]
[EventRounds "6"]
[EventCountry "BRA"]
[SourceTitle "CBM 140 Extra"]
[Source "ChessBase"]
[SourceDate "2011.03.01"]
[SourceVersion "1"]
[SourceVersionDate "2011.03.01"]
[SourceQuality "1"]

1. e4 e6 2. d4 d5 3. e5 c5 4. c3 Nc6 5. Nf3 Bd7 6. a3 Nge7 7. b4 cxd4 8. cxd4 Nf5 9. g4 Nh4 10. Nbd2 b5 11. Bxb5 Nxe5 12. Bxd7+ Nxd7 13. Qa4 Bd6 14. Qc6 Nxf3+ 15. Nxf3 Ke7 16. Bg5+ f6 17. Bh4 Qc8 18. Qxc8 Rhxc8 19. Kd2 a5 20. Bg3 Rc4 21. b5 Nb6 22. Rhc1 Rac8 23. Rxc4 Nxc4+ 24. Kd3 e5 25. dxe5 fxe5 26. Nd2 Nxd2 27. Kxd2 a4 28. f3 Rb8 29. Rb1 Ke6 30. Bf2 Bxa3 31. b6 Rb7 32. Bh4 Kd7 33. Rb5 Kc6 34. Rb1 Rxb6 35. Ra1 Bb4+ 36. Kd3 a3 37. Bg5 Bc5 38. Bc1 Rb3+ 39. Ke2 Kb5 40. Ra2 Kc4 41. h4 e4 42. f4 Rh3 43. Rc2+ Kb5 44. Bd2 d4 45. h5 d3+ 0-1

[Event "Curitiba op"]
[Site "Curitiba"]
[Date "2010.11.20"]
[Round "4"]
[White "Ferreira, Euclides Roberto"]
[Black "Marra, Eduardo da Costa"]
[Result "1/2-1/2"]
[WhiteElo "2095"]
[BlackElo "2273"]
[PlyCount "156"]
[EventDate "2010.11.19"]
[EventType "swiss"]
[EventRounds "6"]
[EventCountry "BRA"]
[SourceTitle "CBM 139 Extra"]
[Source "ChessBase"]
[SourceDate "2011.01.05"]
[SourceVersion "1"]
[SourceVersionDate "2011.01.05"]
[SourceQuality "1"]

1. e4 e5 2. Nf3 Nc6 3. d4 exd4 4. c3 d3 5. Bxd3 Bc5 6. 0-0 Nge7 7. b4 Bb6 8. a4 a6 9. e5 d6 10. exd6 cxd6 11. Re1 0-0 12. Bf4 d5 13. Qc2 Ng6 14. Bg5 Qd6 15. Nbd2 Bg4 16. Bf5 Bxf5 17. Qxf5 Rfe8 18. Rad1 Rxe1+ 19. Rxe1 h6 20. Be3 Bxe3 21. Rxe3 d4 22. Nc4 Qc7 23. cxd4 Nxd4 24. Qe4 Rd8 25. Ncd2 Nc2 26. Rb3 Nf4 27. g3 Ne6 28. b5 Ncd4 29. Rd3 Nc5 30. Rc3 Nxe4 31. Rxc7 Nxd2 32. Nxd2 Ne2+ 33. Kg2 Rxd2 34. b6 Ra2 35. Rxb7 Rxa4 36. Re7 Rb4 37. Rxe2 Rxb6 38. Re7 Rb5 39. Ra7 a5 40. h3 g6 41. h4 h5 42. Ra8+ Kg7 43. Ra6 Rf5 44. Ra7 Kf6 45. Ra6+ Ke7 46. f3 Rb5 47. g4 Kf8 48. Kg3 Kg7 49. Kf4 Rb4+ 50. Kg3 a4 51. g5 Kf8 52. Ra7 Ke8 53. Kh3 Kd8 54. Kg3 Kc8 55. Rxf7 Kb8 56. Rf8+ Kb7 57. Rf7+ Ka6 58. Rf8 Rb6 59. Re8 Kb5 60. f4 a3 61. f5 gxf5 62. Kf4 a2 63. Re1 Ka4 64. Ra1 Ka3 65. Kxf5 Rb4 66. g6 Rxh4 67. Rg1 Rg4 68. Rxg4 a1Q 69. Rg3+ Kb4 70. g7 Qf1+ 71. Kg6 Qf4 72. Rg5 Qe4+ 73. Kh6 Qe6+ 74. Kh7 Qf7 75. Kh8 Qf6 76. Rxh5 Kc4 77. Kh7 Qe7 78. Kh8 Qf6 1/2-1/2

[Event "Sao Jose dos Pinhais op"]
[Site "Sao Jose dos Pinhais"]
[Date "2010.04.03"]
[Round "5"]
[White "Name, Gabriel Ricardo"]
[Black "Ferreira, Euclides Roberto"]
[Result "1-0"]
[WhiteElo "2166"]
[BlackElo "2040"]
[PlyCount "137"]
[EventDate "2010.04.01"]
[EventType "swiss"]
[EventRounds "7"]
[EventCountry "BRA"]
[SourceTitle "EXT 2011"]
[Source "ChessBase"]
[SourceDate "2010.11.26"]
[SourceVersion "1"]
[SourceVersionDate "2010.11.26"]
[SourceQuality "1"]

1. d4 Nf6 2. c4 e5 3. dxe5 Ng4 4. Bf4 Nc6 5. Nf3 Bb4+ 6. Nbd2 Qe7 7. a3 Ngxe5 8. Nxe5 Nxe5 9. e3 Bxd2+ 10. Qxd2 d6 11. Be2 Ng6 12. Bg3 h5 13. h4 Bg4 14. f3 Bd7 15. c5 dxc5 16. Bxc7 Nxh4 17. e4 Qf6 18. 0-0-0 Ba4 19. Bg3 Ng6 20. Bd6 0-0-0 21. Qd5 Rxd6 22. Qxd6 Bxd1 23. Qxf6 gxf6 24. Bxd1 Kd7 25. Kd2 Kc6 26. Bb3 Nf4 27. g3 Ne6 28. Bd5+ Kc7 29. Ke3 b6 30. Rh4 Kd6 31. g4 Ke7 32. gxh5 Rh6 33. Kd3 b5 34. b4 cxb4 35. axb4 Kd6 36. Ke3 Ke7 37. Bc6 Nc7 38. Bb7 Ne6 39. Ba6 Nc7 40. Bc8 Ne6 41. Rh1 Kd8 42. Bxe6 fxe6 43. Kd4 Kc7 44. Kc5 a6 45. f4 Kb7 46. Kd6 f5 47. exf5 exf5+ 48. Ke5 Kc7 49. Kxf5 Kd6 50. Kg5 Rh8 51. Ra1 Rg8+ 52. Kh4 Ke6 53. Rxa6+ Kf5 54. Rg6 Rc8 55. Rg5+ Kxf4 56. h6 Rc1 57. Kh5 Rd1 58. Rxb5 Rg1 59. h7 Rh1+ 60. Kg6 Rg1+ 61. Kf6 Rh1 62. Kg7 Rg1+ 63. Kh8 Rg2 64. Rb8 Kf5 65. Rg8 Rd2 66. Kg7 Rd7+ 67. Kh6 Rd6+ 68. Kh5 Rd2 69. Rf8+ 1-0

[Event "Sao Jose dos Pinhais op"]
[Site "Sao Jose dos Pinhais"]
[Date "2010.04.02"]
[Round "3"]
[White "Dos Santos, Haroldo Cunha Jr"]
[Black "Ferreira, Euclides Roberto"]
[Result "0-1"]
[WhiteElo "2253"]
[BlackElo "2040"]
[PlyCount "102"]
[EventDate "2010.04.01"]
[EventType "swiss"]
[EventRounds "7"]
[EventCountry "BRA"]
[SourceTitle "EXT 2011"]
[Source "ChessBase"]
[SourceDate "2010.11.26"]
[SourceVersion "1"]
[SourceVersionDate "2010.11.26"]
[SourceQuality "1"]

1. Nf3 Nf6 2. d4 d5 3. Bf4 c5 4. c3 Nc6 5. e3 e6 6. Nbd2 Be7 7. h3 0-0 8. Be2 Nd7 9. 0-0 f6 10. Bh2 e5 11. c4 dxc4 12. Nxc4 e4 13. Nfd2 cxd4 14. Nxe4 dxe3 15. Qd5+ Kh8 16. Ned6 Bxd6 17. Nxd6 exf2+ 18. Rxf2 Nde5 19. Kh1 Qe7 20. b3 Be6 21. Qc5 b6 22. Qa3 Rad8 23. Rd1 Nf7 24. Bb5 Nce5 25. Nxf7+ Rxf7 26. Rxd8+ Qxd8 27. Bxe5 fxe5 28. Rxf7 Bxf7 29. Qxa7 Bd5 30. Qd7 Qxd7 31. Bxd7 Kg8 32. Kg1 Kf7 33. Kf2 Ke7 34. Bf5 g6 35. Bc2 Kd6 36. g3 Kc5 37. a3 Kd4 38. b4 Kc3 39. Bd1 Kd2 40. Be2 e4 41. a4 e3+ 42. Kf1 Bb3 43. a5 bxa5 44. bxa5 Bd1 45. Bb5 e2+ 46. Bxe2 Bxe2+ 47. Kf2 g5 48. a6 Bxa6 49. Kf3 Bc8 50. h4 gxh4 51. gxh4 h5 0-1